000 00656 a2200205 4500
999 _c9363
_d9363
020 _a0409056219
020 _a0409056227 (pbk.)
050 0 0 _aKF9201SNY1999
100 1 _aSnyman, C. R.
245 1 0 _aCriminal law /
_cby C.R. Snyman.
250 _a2nd ed.
264 _aDurban:
_bButterworths,
_c1999
300 _axv, 595 p. :
_bill. ;
500 _aTranslation of: Strafreg. 2nd ed.
500 _aDistributor from label on p. 2 of cover.
504 _aIncludes bibliographical references (p. 536-542) and index.
650 0 _aCriminal law
942 _2lcc
_cBK
_h9201
_iSNY
_kKF